000 00504nam a2200193Ia 4500
005 20250507130301.0
008 008 250505s9999 xx 000 0 eng d
037 _aSeries Article
040 _aEASL
_beng
_cEASL
041 _aeng
_2eng
084 _qEASL
100 _aEckaus Richard S Au.
_9673344
245 0 _aForce saving in China
260 _aUK
_bUK Cambridge Univesity Press UK
_c2014
300 _a180-195
650 _aChina
942 _cSRA
999 _c1318770
_d1318770